Women of China : imperialism and women's resistance, 1900-1949 /

Bibliographic Details
Main Author: Siu, Bobby, 1948-
Format: Book
Language:English
Published: London : Zed Press ; 1982.
Series:Women in the Third World series.
Subjects:

MARC

Tag First Indicator Second Indicator Subfields
LEADER 00000cam a2200000 a 4500
001 in00000014366
005 20151007052210.0
008 830909c19821981enk b 00010 eng
010 |a  83198155  
020 |a 0905762584 
020 |a 0905762630 (pbk.) :  |c £5.95 
035 |a (OCoLC)08585483 
035 |9 AAA6732AM 
040 |a DLC  |c DLC  |d m/c  |d TXA  |d UtOrBLW 
043 |a a-cc--- 
049 |a TXAM  |c [A11034213] 
050 0 0 |a HQ1768  |b .S58 1982 
082 0 |a 305.4/2/0951  |2 19 
100 1 |a Siu, Bobby,  |d 1948- 
245 1 0 |a Women of China :  |b imperialism and women's resistance, 1900-1949 /  |c Bobby Siu. 
264 1 |a London :  |b Zed Press ;  |c 1982. 
264 2 |a Westport, Conn., U.S.A. :  |b U.S. distributor, L. Hill, 
264 4 |c ©1981 
300 |a xiv, 208 pages ;  |c 22 cm. 
336 |a text  |b txt  |2 rdacontent 
337 |a unmediated  |b n  |2 rdamedia 
338 |a volume  |b nc  |2 rdacarrier 
490 1 |a Women in the Third World series 
504 |a Bibliography: pages 193-208. 
650 0 |a Feminism  |z China  |x History  |y 20th century. 
650 0 |a Women  |z China  |x History  |y 20th century. 
830 0 |a Women in the Third World series. 
999 |a MARS 
999 f f |s 01c079f8-2553-3298-a72b-1233c753e4cf  |i 1f2b8795-dc01-3d60-b574-02a9ff385d52  |t 0 
952 f f |p ric  |a Texas A&M University  |b Rellis Campus  |c Joint Library Facility  |d Remote Storage  |t 0  |e HQ1768 .S58 1982  |h Library of Congress classification  |i unmediated -- volume  |m A14811034213 
998 f f |a HQ1768 .S58 1982  |t 0  |l Remote Storage